00337nam a2200145Ia 4500008004100000020001500041041001200056082001600068100001400084245003600098250000800134260002500142300000800167650001600175221030s9999 xx 000 0 und d a8120301414 aEnglish a105.23bGor aG. Gordon 0aSystem Simulationcby G. Gordon a2nd bPHIaNew Delhic2004 a324 aBE Computer